Statistiques concernant Villes de France commençant par "Château" Carte Quiz

Cliquez ici pour prendre le quiz!

Statistiques générales

  • Ce quiz a été pris 261 fois
  • Le résultat moyen est 8 sur 15

Réponses sur la Carte

Les réponses sont colorées sur une échelle allant du rouge au vert en fonction du pourcentage des utilisateurs qui les ont devinées à leur premier essai. Vous pouvez retrouver ces pourcentages ci-dessous.
 

Statistiques - réponses

Réponse% Correct
Châteauroux
73%
Château-Thierry
69%
Castellane
67%
Castelnaudary
65%
Châteaubriant
63%
Châtelaillon-Plage
60%
Châteauneuf-du-Pape
58%
Castelsarrasin
53%
Château-Chinon
52%
Châtellerault
52%
Châteaulin
51%
Châteaudun
47%
Château-Gontier
47%
Château-Salins
39%
Châteaurenard
38%

Distribution des résultats

Percentile par nombre de réponses

% des personnes avec chaque résultat

Votre développement - résultats

Vous n’avez pas pris ce quiz